LIBRARY & INFORMATION CENTRE, KCAET, TAVANUR

ONLINE PUBLIC ACCESS CATALOGUE (OPAC)

Tuefcutter`s Donkey / (Record no. 3960)

MARC details
000 -LEADER
fixed length control field 00363cam a2200145ua 4500
041 ## - LANGUAGE CODE
Language code of text/sound track or separate title mal
082 ## - DEWEY DECIMAL CLASSIFICATION NUMBER
Classification number 823.301
Item number LYN/TU
100 ## - MAIN ENTRY--AUTHOR NAME
Personal name Lynch, Patricia .
245 ## - TITLE STATEMENT
Title Tuefcutter`s Donkey /
260 ## - PUBLICATION, DISTRIBUTION, ETC. (IMPRINT)
Place of publication London :
Name of publisher J M Dent and Sons Ltd ,
Year of publication 1962.
300 ## - PHYSICAL DESCRIPTION
Number of Pages 237 ; .
942 ## - ADDED ENTRY ELEMENTS (KOHA)
Koha item type Books
Holdings
Withdrawn status Lost status Damaged status Home library Current library Date acquired Full call number Accession Number Koha item type
Withdrawn   Damaged KAUAET KAUAET 07/04/2012 823.301 LYN/TU 10403 Books
free website counter